01087cam a2200253 a 450000100060000000300080000600500170001400800410003103500190007204000270009104100080011806600070012608200260013310001340015924501680029325000200046126000470048130000170052850400530054550500280059852001160062660000720074265000190081478033BD-RjUL20211209083059.0210308s1938 u b 001 0 ara  a(BD-RjUL)78259 aDLC-RcDLCdUkOxUbeng aara c(3 223a297.125bRAT 2005 aالفخر الرازي، محمد بن عمر بن الحسن ;; Al-Fakhr Al-Razi, Muhammad bin Omar bin Al-Hassan d (544-606 13a التفسير الكبير ;;. al-Tafsīr al-kabīr /cالفخر الرازي، محمد بن عمر بن الحسن،.;; li-Fakhr al-Dīn al-Rāzīnهـ aal-Ṭabʿah 1. aMisr :btaba bilmutbat al bahiyat ,c1938. av. ;c24 cm. aIncludes bibliographical references and indexes. aVol.5.--v.11.--v.13..-- aal-Tafsīr al-kabīr by Rāzī, Fakhr al-Dīn Muḥammad ibn ʿUmar, 1149 or 50-1210; Koran; commentaries.10aRāzī, Fakhr al-Dīn Muḥammad ibn ʿUmar,d1149 or 1150-1210. aQuran vTafsir